000 00645nam a22001817a 4500
003 OSt
005 20240610141122.0
008 240610b ||||| |||| 00| 0 eng d
040 _cAIMIT LIBRARY
100 _aAdarsh DSouza.
_e2116005
_9169868
245 _aFinancial statement analysis- a comparsion of mescomand bescom /
_cBy Adarsh DSouza ; Guided by Rajani Suresh.
260 _aMangalore
_c2023
650 _aResearch instrument
_9169869
650 _aLimitation of the study
_9169870
700 _aSuresh, Rajani.
_eGuide
_9169871
856 _3Mangalore Electricity Supply Company Limited
_uwww.mescom.karnataka.gov.in
942 _2ddc
_cPRO
999 _c231097
_d231097